00322nam a2200121Ia 4500008004100000041000800041082001500049100001300064245004500077260003800122300003100160365000900191240624s9999 xx 000 0 und d aeng a658.05 HAR aHART TED aNONPROFIT INTERNET STRATEGIES BEST PRACT c2005aCanadabJohn Wiley and Sons axiv, : 345 : p. : cm. ; 26 cb30